000 00412nam a2200157Ia 4500
008 210716s9999 xx 000 0 und d
020 _a9812438769
041 _aeng
082 _a005.133 BARR
100 _aBarnett, Richard; Ocull, Larry; Cox, Sarah.
245 _aEmbedded c programming and the atmel avr.
250 _a1
260 _aAustralia
_bThomson
300 _axxii,495
650 _aC Programming
999 _c186883
_d186883